Statistics for Does it have a coastline?

Click here to take the quiz!

General Stats

  • This quiz has been taken 24 times
    (17 since last reset)
  • The average score is 19 of 21

Answer Stats

QuestionAnswer% Correct
ParaguayIt does not have a coastline
100%
AustriaIt does not have a coastline
100%
AfghanistanIt does not have a coastline
100%
EthiopiaIt does not have a coastline
100%
LaosIt does not have a coastline
100%
MonacoIt has a coastline
100%
MalawiIt does not have a coastline
93%
NigerIt does not have a coastline
93%
CambodiaIt has a coastline
93%
BruneiIt has a coastline
93%
GuineaIt has a coastline
93%
BelgiumIt has a coastline
93%
EswatiniIt does not have a coastline
87%
Republic of the CongoIt has a coastline
87%
Bosnia and HerzegovinaIt has a coastline
87%
Democratic Republic of the CongoIt has a coastline
80%
MontenegroIt has a coastline
80%
SloveniaIt has a coastline
80%
SyriaIt has a coastline
73%
IraqIt has a coastline
67%
JordanIt has a coastline
60%

Score Distribution

Percentile by Number Answered

Percent of People with Each Score

Your Score History

You have not taken this quiz since the last reset